00409 a2200157 4500003000400000005001700004008004100021020001800062040000900080082002000089100002100109245005700130250001200187260004200199300001000241OSt20240220153406.0240205b |||||||| |||| 00| 0 eng d a9789393018489 coclc a894.8129bMOO/K aMoosakutty, N. M aKumaon Kunnukalile Narabhojikal /cN. M. Moosakkutty a4th ed. aKOZHIKODE:bOLIVE PUBLICATION,c2023. a178P.